مكتبة جامعة عجلون الوطنية

فهرس بحث المكتبة

معجم الأمراض والمصطلحات الطبية لأبن سينا المتوفى سنة 428هــ/1036م = Lexicography pf the diseasces and medical terms Of Lbn Cena the deceased in 428 A.H. / 1036 A.D / (Record no. 33531)

MARC details
000 -LEADER
fixed length control field 00784nam a22001817a 4500
003 - CONTROL NUMBER IDENTIFIER
control field JO-AjAnu
005 - DATE AND TIME OF LATEST TRANSACTION
control field 20240611101819.0
008 - FIXED-LENGTH DATA ELEMENTS--GENERAL INFORMATION
fixed length control field 240611b jo ||||| |||| 00| 0 ara d
020 ## - INTERNATIONAL STANDARD BOOK NUMBER
International Standard Book Number 9789957225857
040 #0 - CATALOGING SOURCE
Original cataloging agency JO-AjAnu
Language of cataloging ARA
Transcribing agency JO-AjAnu
041 ## - LANGUAGE CODE
Language code of original ara
100 ## - MAIN ENTRY--PERSONAL NAME
Personal name المنشداوي، خضير عباس
Relator term دراسة وتحقيق
9 (RLIN) 65453
245 #0 - TITLE STATEMENT
Title معجم الأمراض والمصطلحات الطبية لأبن سينا المتوفى سنة 428هــ/1036م = Lexicography pf the diseasces and medical terms Of Lbn Cena the deceased in 428 A.H. / 1036 A.D /
Remainder of title خضير عباس المنشداوي
260 ## - PUBLICATION, DISTRIBUTION, ETC.
Place of publication, distribution, etc. عمان:
Name of publisher, distributor, etc. دار اسامة للنشر والتوزيع،
Date of publication, distribution, etc. 2014
300 ## - PHYSICAL DESCRIPTION
Extent 424 صفحه
650 ## - SUBJECT ADDED ENTRY--TOPICAL TERM
Form subdivision الأمراض-معاجم
942 ## - ADDED ENTRY ELEMENTS (KOHA)
Source of classification or shelving scheme Library of Congress Classification
Koha item type Reference
Suppress in OPAC No
Holdings
Withdrawn status Lost status Source of classification or shelving scheme Damaged status Not for loan Home library Current library Date acquired Total Checkouts Full call number Barcode Date last seen Price effective from Koha item type
    Library of Congress Classification     مكتبة جامعة عجلون الوطنية مكتبة جامعة عجلون الوطنية 11/06/2024   RB118.2014 A29888 11/06/2024 11/06/2024 Reference
    Library of Congress Classification     مكتبة جامعة عجلون الوطنية مكتبة جامعة عجلون الوطنية 11/06/2024   RB118.2014 A29889 11/06/2024 11/06/2024 Reference